| 000 | 00396 a2200169 4500 | ||
|---|---|---|---|
| 001 | 49331 | ||
| 020 | _a8598457191 | ||
| 040 | _cAnchieta - Bela Vista | ||
| 100 | _aÁvila, Alejandro Sandoval | ||
| 240 | 1 | 0 |
_aA travessia dos elefantes _lpor |
| 245 | 1 | 0 | _aA travessia dos elefantes |
| 300 | _a75 | ||
| 362 | 0 | _a2004 | |
| 440 | 1 | _aEdições SM | |
| 650 | 4 | _aLiteratura juvenil | |
| 942 | _cBK | ||
| 999 |
_c49331 _d49331 |
||